000 00978nam a2200217Ia 4500
999 _c37938
_d37938
001 3919
003 GE_BSU
005 20190909145408.0
008 181216s1985||||ge |||||||||||||| ||geo||
040 _cGE_BSU
041 _ageo
080 _a008+316.7 ლ–31
100 _aლომთათიძე, ჭოლა
_93931
245 _aკულტურის სოციოლოგიური კვლევის მეთოდიკა :
_b სოციოლოგიური კვლევის გამოცდილება /
_cრედ. დ. ქერქაძე; ფილოსოფიის ინ-ტი.
264 _aთბ. :
_bმეცნიერება,
_c1985.
300 _a57 გვ.;
_b20 სმ.
653 _aკულტურის სოციოლოგია
700 _aქერქაძე, დ.
_eრედაქტორი
_93560
710 _aფილოსოფიის ინ-ტი
_93932
942 _cBK
_2udc